000 03678nam a2200337 a 4500
001 000007696
003 DO-SdBNP
005 20250703114553.0
008 090907s2007 dr a r 001 0 spa d
020 _a9789945406481
040 _aDO-SdBNP
_bspa
_cBNPHU
082 _a378.7293
_bF727h
111 2 _aForo presidencial por la excelencia de la educación
_d(2007 :
_cSanto Domingo, República Dominicana)
_921343
245 1 0 _aHacia un plan decenal de la educación superior, la ciencia y la tecnología :
_bsíntesis de las mesas de trabajo de la educación superior, ciencia y tecnología 2007 /
_csíntesis elaborada por Lorenzo Guadamuz Sandoval ; revisión Ligia Amada Melo... [et al.] .
260 _aSanto Domingo :
_bSecretaría de Estado de Educación Superior, Ciencia y Tecnología,
_c2007.
300 _a110 p. :
_bgráf. ;
_c28 cm.
504 _aBibliografíca : p. 209-210
505 0 _tReconocimiento --
_tIntroducción --
_tEl contexto del país y de la educación superior en la República Dominicana --
_tDesarrollo económico y reformas educativas --
_tSituación y perspectivas de la educación superior, la ciencia y la tecnología en contexto de la globalización, la sociedad del conocimiento y el TLC --
_tAnálisis de situación de la educación superior, la ciencia y la tecnología --
_tPerspectiva de la educación superior, la ciencia y la tecnología --
_tLíneas de acción, políticas y estrategias --
_tSituación y perspectivas del uso de las tecnologías de la información y la comunicación en la educación superior --
_tAnálisis de la situación del uso de las tecnologías de la información y la comunicación en la educación superior --
_tPerspectivas de desarrollo para el uso de las tecnologías de la información y la comunicación en la educación superior --
_tObjetivos y líneas de acción para el desarrollo de las tecnologías de información y comunicación en la educación superior --
_tSituación y perspectivas de los valores en la educación superior. La educación en la verdad --
_tAnálisis de situaciones de los valores en la educación superior --
_tPerspectivas del área de valores en la educación superior --
_tObjetivos y líneas de acción. Políticas y estrategias sobre valores en la educación superior --
_tObjetivos y líneas de acción. Políticas y estrategias sobre valores en la educación superior --
_tSituación y perspectivas de la administración de las instituciones de educación superior --
_tSituación actual de tres áreas de la administración de las instituciones de educación superior (IES) --
_tPerspectivas y líneas de acción de cuatro áreas de la administración de las instituciones de educación superior --
_tConclusiones generales --
_tBibliografía --
_tAnexo 1 : Listado de las instituciones de educación superior de la Repúbli
590 _aInventariado,2018/MFF
650 4 _aEducación superior
_zRepública Dominicana
_xCongresos, conferencias, etc.
_99366
650 4 _aPlanificación educativa
_zRepública Dominicana
_xCongresos, conferencias, etc.
_921344
650 4 _aCalidad de la educación
_zRepública Dominicana
_xCongresos, conferencias, etc.
_921345
650 4 _aTecnología educativa
_xCongresos, conferencias, etc.
_917464
650 4 _aAdministración de sistemas de información
_xCongresos, conferencias, etc.
_921346
650 4 _aEnseñanza con ayuda de computadores
_xCongresos, conferencias, etc.
_921347
650 7 _aEducación y estado
_zRepública Dominicana
_xCongresos, conferencias, etc.
_951256
700 1 2 _aGuadamuz Sandoval, Lorenzo
_917392
700 1 2 _aMelo, Ligia Amada
_921349
910 _aValidado. Control de calidad. MMOLINA
942 _2ddc
_cLBS1
999 _c7475
_d7475